000 00999nam a2200217Ia 4500
001 9125
003 GE_BSU
008 181216s||||||||xx |||||||||||||| ||und||
040 _cGE_BSU
080 _a821.353.1-32
100 _aკლდიაშვილი,დავით
245 _aთხზულებანი: ტომი მეორე=თხზულებათა სრული კრებული ორ ტომად
245 _cწინასიტყვ. ს. ჭილაია; რედ. ს.კლდიაშვილი
260 _aთბილისი
260 _bსაბჭ.მწერალი
260 _c1952
300 _a404გვ.23სმ.
520 _aდანართი:შენიშვნები "ს.კლდიაშვილი"გვ.389-394.დავით კლდიაშვილის ლექსიკონი–მ.ალავიძე გვ.395-402
653 _aთხზულებანი.
942 _cBK
999 _c42429
_d42429